| 000 | 01956cam a22003614a 4500 | ||
|---|---|---|---|
| 001 | 16299768 | ||
| 003 | OSt | ||
| 005 | 20150408114152.0 | ||
| 008 | 100623s2010 nyua b 001 0 eng | ||
| 010 | _a 2010025367 | ||
| 020 | _a9781617282973 (softcover) | ||
| 035 | _a(DNLM)101534006 | ||
| 040 |
_aDNLM/DLC _cDLC _dDLC |
||
| 042 | _apcc | ||
| 050 | 0 | 0 |
_aRC889 _b.D565 2010 |
| 060 | 1 | 0 | _aWH 200 |
| 082 | 0 | 0 |
_a616.6/92 _222 _bDFE |
| 100 | 1 |
_aDimitriadis, Fotios. _939970 |
|
| 245 | 1 | 0 |
_aEssentials of Polymorphonuclear neutrophils and their roles in male infertility : _bfriends or foes / _cFotios Dimitriadis and Motoaki Saito. |
| 260 |
_aNew York : _bNova Science Publishers Inc., _c2010. |
||
| 300 |
_axv, 124 p. : _bill. ; _c23 cm. |
||
| 504 | _aIncludes bibliographical references (p. [67]-111) and index. | ||
| 505 | 0 | _aGeneral considerations -- Neutrophil lifespan : physiological regulation and pathological perturbation -- Neutrophils-endothelium interaction -- Neutrophils and their role in disease -- Cellular interaction between neutrophils and dendritic cells -- Cellular interaction between neutrophils and monocytes -- Neutrophil cell death and resolution of the inflammation -- Neutrophils and male fertility : allies or foes? -- The impact of neutrophils and ROS on male fertility : in the borderline between orison and malediction -- The role of neutrophils in the infection of the male genitourinary tract -- The role of neutrophils in the testicular tissue damage -- Antioxidant treatment and male fertility : connective links. | |
| 650 | 0 |
_aInfertility, Male _xImmunological aspects. _939971 |
|
| 650 | 0 |
_aNeutrophils. _939972 |
|
| 650 | 1 | 2 |
_aNeutrophils. _939973 |
| 650 | 2 | 2 |
_aFertility. _939974 |
| 650 | 2 | 2 |
_aMen's Health. _939975 |
| 700 | 1 |
_aSaito, Motoaki. _939976 |
|
| 906 |
_a7 _bcbc _corignew _d1 _eecip _f20 _gy-gencatlg |
||
| 942 |
_2ddc _cDVD |
||
| 999 |
_c32142 _d266642 |
||